书目信息 |
| 题名: |
名人传
|
|
| 作者: | 罗曼·罗兰 著 | |
| 分册: | ||
| 出版信息: | 呼和浩特 内蒙古人民出版社 2007.02 |
|
| 页数: | 310页 | |
| 开本: | 20cm | |
| 丛书名: | ||
| 单 册: | ||
| 中图分类: | K811 | |
| 科图分类: | ||
| 主题词: | 人物--传记--世界 | |
| 电子资源: | ||
| ISBN: | 7-204-06838-6 | |
| 000 | 00573nam0 2200193 450 | |
| 001 | 2635003368 | |
| 005 | 20260414094520.48 | |
| 010 | @a7-204-06838-6@dCNY396.00 | |
| 100 | @a20260414d2007 km y0chiy0120 ea | |
| 101 | 0 | @achi |
| 102 | @aCN@b150000 | |
| 200 | 1 | @a名人传@AMing Ren Chuan@f罗曼·罗兰著@FLuo Man·Luo Lan Zhu |
| 210 | @a呼和浩特@c内蒙古人民出版社@d2007.02 | |
| 215 | @a310页@d20cm | |
| 606 | 0 | @a人物@x传记@x世界 |
| 690 | @aK811@v4 | |
| 701 | 0 | @a罗曼·罗兰@ALuo Man·Luo Lan@4著 |
| 801 | 0 | @aCN@b大连网信软件有限公司图书馆·11@c20260414 |
| 905 | @aZUCC@dK811@e70 | |
| 名人传/罗曼·罗兰著.-呼和浩特:内蒙古人民出版社,2007.02 |
| 310页;20cm |
| ISBN 7-204-06838-6:CNY396.00 |
| ● |
| 相关链接 |
|
|
|
|
正题名:名人传
索取号:K811/70
 
预约/预借
| 序号 | 登录号 | 条形码 | 馆藏地/架位号 | 状态 | 备注 |
| 1 | 1442617 | 214426174 | 第二样本阅览室/ [索取号:K811/70] | 在馆 |